Statistiche per Classi di sostanze

Clicka qui per fare il quiz!

Statistiche generali

  • Questo quiz è stato fatto 14 volte
  • Il punteggio medio è 21 su 35

Statistiche sulle risposte

FormulaTipo di composto% Corretto
Fe(OH)2Idrossido
100%
AlH3Idruro
92%
HBrIdracido
85%
MoO3Ossido
85%
SO3Anidride
77%
Ga(OH)3Idrossido
77%
VO2Ossido
77%
Cu2OOssido
77%
Ni(OH)2Idrossido
69%
Cs(OH)Idrossido
69%
Lì(OH)Idrossido
69%
BeH2Idruro
69%
SnH2Idruro
69%
(CO3)^2-Ione
69%
Al2O3Ossido
69%
HIIdracido
62%
HClIdracido
62%
H2SIdracido
62%
HClO4Ossiacido
62%
H2SO3Ossiacido
62%
H3PO4Ossiacido
62%
N2O5Anidride
54%
I2OAnidride
54%
OH^-Ione
54%
(CrO4)^2-Ione
54%
HNO3Ossiacido
54%
H3BO3Ossiacido
54%
PbS2Sale binario
38%
MgF2Sale binario
38%
NaClSale binario
38%
NH4(HCO3)Sale ternario
38%
CuNO3Sale ternario
38%
CePO4Sale ternario
38%
Ti(SO4)Sale ternario
31%
Na2SO3Sale ternario
31%

Distribuzione punteggi

Percentile per numero di risposta

Percentuale di utenti per punteggio

I tuoi punteggi nel tempo

Non hai fatto questo quiz